000 00576nam a2200217Ia 4500
005 20260429112133.0
008 260429s9999||||xx |||||||||||||| ||und||
020 _a9781032316444
041 _aEnglish
082 _a338.4779
_bDES
100 _aDesbordes, Michel
245 0 _aGlobal sport economy :
_bcontemporary issues /
_cMichel Desbordes
250 _a1st ed.
260 _aLondon :
_bRoutledge,
_c2024.
300 _aviii, 330 p.; pbk
650 _a Sport
650 _aEconomy
700 _a Aymar, Pascal
700 _a Hautbois, Christopher
942 _cTB
999 _c52539
_d52539